Elegías de Duino
Gespeichert in:
| 1. Verfasser: | |
|---|---|
| Format: | Buch |
| Sprache: | Spanisch |
| Veröffentlicht: |
Córdoba
Assandri
1956
|
| Schriftenreihe: | Colección Campana de Fuego
|
| Schlagworte: | |
| Tags: |
Tag hinzufügen
Keine Tags, Fügen Sie den ersten Tag hinzu!
|
MARC
| LEADER | 00000nam a2200000 a 4500 | ||
|---|---|---|---|
| 001 | UCV8240 | ||
| 003 | CL-VaPUC | ||
| 008 | 901123e19560000AG |||||||||||||||||spa|d | ||
| 082 | 0 | 4 | |a 891.861 |b RIL |2 21 |
| 100 | |a Rilke, Rainer Maria |e author |9 265571 | ||
| 245 | 1 | 0 | |a Elegías de Duino |
| 246 | 1 | 0 | |a Sonetos a Orfeo |
| 300 | |a 168 p | ||
| 942 | |c BK | ||
| 945 | |d 19901123 00:00:00 | ||
| 260 | |a Córdoba |b Assandri |c 1956 | ||
| 650 | 7 | |a POESIAS CHECOESLOVACAS |2 CL-VaPUC |9 266295 | |
| 583 | |a last modification |c 19901123 00:00:00 |k Rodrigo Vera | ||
| 490 | 0 | |a Colección Campana de Fuego | |
| 999 | |c 213786 |d 213784 | ||
| 952 | |0 0 |1 0 |4 0 |6 891_861000000000000_RIL_1956 |7 0 |8 A |9 196510 |a BIBARQ |b BIBARQ |d 2019-11-14 |i 2643995 |o 891.861 RIL 1956 |p 2643995 |r 2025-01-20 |w 2019-11-14 |y BK |k ARQ | ||